| 000 | 00912cam a22002774a 4500 | ||
|---|---|---|---|
| 001 | 15436457 | ||
| 003 | OSt | ||
| 005 | 20140310181627.0 | ||
| 008 | 080903s2009 ilua d 000 0 eng | ||
| 010 | _a 2008038765 | ||
| 020 | _a0716602911 | ||
| 040 |
_aDLC _cDLC _dDLC |
||
| 050 | 0 | 0 |
_aPE 1625 _b.B262 1991 L-Z |
| 082 | 0 | 0 |
_aREF 423 _bW89 1991 |
| 245 | 0 | 4 |
_aThe world book dictionary./ _cedited by Clarence L. Barnhart; Rober K. Barnhart. |
| 260 |
_aChicago : _bWorld Book, Inc., _cc1991. |
||
| 300 |
_a1166 p. : _bill. ; _c28 cm. |
||
| 650 | 0 |
_aEnglish language _vDictionaries. |
|
| 710 | 2 | _aWorld Book, Inc. | |
| 856 | 4 | 1 |
_3Table of contents only _uhttp://www.loc.gov/catdir/toc/ecip0827/2008038765.html |
| 906 |
_a7 _bcbc _corignew _d1 _eecip _f20 _gy-gencatlg |
||
| 942 |
_2lcc _cBK |
||
| 999 |
_c357 _d357 |
||